Bugles and a tiger; (Record no. 551807)
[ view plain ]
| 000 -LEADER | |
|---|---|
| fixed length control field | 00529cam a22001691 4500 |
| 082 00 - DEWEY DECIMAL CLASSIFICATION NUMBER | |
| Classification number | 355.009254 |
| Author Mark | MAS |
| 100 1# - MAIN ENTRY--PERSONAL NAME | |
| Personal name | Masters, John, |
| 9 (RLIN) | 48959 |
| 245 10 - TITLE STATEMENT | |
| Title | Bugles and a tiger; |
| Remainder of title | a personal adventure |
| 260 ## - PUBLICATION, DISTRIBUTION, ETC. | |
| Place of publication, distribution, etc. | New York, |
| Name of publisher, distributor, etc. | Viking Press, |
| Date of publication, distribution, etc. | 1956. |
| 300 ## - PHYSICAL DESCRIPTION | |
| Extent | 312 p. |
| Other physical details | illus. |
| Dimensions | 23 cm. |
| 526 ## - STUDY PROGRAM INFORMATION NOTE | |
| Program name | 0 |
| Interest level | 0 |
| Reading level | 0 |
| Title point value | 355_009254000000000_MAS |
| 650 #0 - SUBJECT ADDED ENTRY--TOPICAL TERM | |
| Topical term or geographic name entry element | Americans |
| Geographic subdivision | India |
| General subdivision | Biography. |
| 9 (RLIN) | 48960 |
| 650 #0 - SUBJECT ADDED ENTRY--TOPICAL TERM | |
| Topical term or geographic name entry element | MCE |
| 9 (RLIN) | 379 |
| 650 #0 - SUBJECT ADDED ENTRY--TOPICAL TERM | |
| Topical term or geographic name entry element | Novelists, American |
| General subdivision | Biography. |
| 9 (RLIN) | 48961 |
| 650 #0 - SUBJECT ADDED ENTRY--TOPICAL TERM | |
| Topical term or geographic name entry element | Soldiers |
| Geographic subdivision | India |
| General subdivision | Biography. |
| 9 (RLIN) | 48962 |
| 942 ## - ADDED ENTRY ELEMENTS (KOHA) | |
| Source of classification or shelving scheme | |
| Koha item type | Book |
| Withdrawn status | Lost status | Source of classification or shelving scheme | Damaged status | Not for loan | Permanent Location | Current Location | Date acquired | Total Checkouts | Full call number | Barcode | Date last seen | Price effective from | Koha item type |
|---|---|---|---|---|---|---|---|---|---|---|---|---|---|
| Military College of Engineering (MCE) | Military College of Engineering (MCE) | 12/29/2014 | 355.009254 MAS | MCE- 5151 | 12/29/2014 | 12/29/2014 | Book |
